000 00990nam a2200217Ia 4500
001 11469
003 GE_BSU
008 181216s||||||||xx |||||||||||||| ||und||
040 _cGE_BSU
080 _a634.8:631.544.7
245 _aნიადაგის დამულჩვის თეორიული და პრაქტიკული საკითხები მევენახეობაში.
245 _bრედ:მ.შუბლაძე;მხატვ:ვ.ავსაჯანიშვილი.
245 _cგოგოლიშვილი,მ.
260 _aთბილისი.
260 _bსაბჭოთა საქართველო.
260 _c1963.
300 _a218გვ;22სმ.
300 _eილ;ცხრ.
653 _aნიადაგის დამულჩვის თეორიული და პრაქტიკული საკითხები მევენახეობაში.
942 _cBK
999 _c44666
_d44666